000 00845nam a22002177a 4500
999 _c18023
_d18023
005 20251125232902.0
008 s2531 th tha d
040 _aNALT
041 _atha
100 0 _aจิตติ เจริญฉ่ำ
245 1 0 _aซักความพิสดาร ฉบับศิลปในการซักถาม
260 3 _aกรุงเทพฯ :
_bประยูรวงศ์,
_c2531
300 _a120 หน้า ;
_b 26 ซม.
650 0 4 _aการว่าความ
650 0 4 _aทนายความ -- การว่าความ
850 _aNALT
856 _uhttps://hdl.handle.net/20.500.14156/424205
_71
942 _cLB
_2lcc
_03
998 _j111
_k นางสาวพจพิณ พรมเอี่ยม
090 _aKU135 จ419ซ 2531